Golomorfnyje cepi i ich granicy = Holomorphic chais and their boundaries

Na minha lista:
Detalhes bibliográficos
Autor principal: Harvey, Recse (Author)
Formato: Livro
Idioma:russo
Publicado em: Moskva : Mir, 1979
Tags: Adicionar Tag
Sem tags, seja o primeiro a adicionar uma tag!

MARC

LEADER 00000nam a22000003a 4500
001 stu93166
005 20150617225616.9
008 050307s1979------------------------rus-d
040 |a STU  |b slo 
041 0 |a rus 
080 |a 517.53 
100 1 |a Harvey, Recse  |4 aut 
245 1 |a Golomorfnyje cepi i ich granicy = Holomorphic chais and their boundaries 
260 |a Moskva :  |b Mir,  |c 1979 
300 |a 160 s 
996 |b E47162  |c E*47162  |l EE03  |s P  |a 0  |w stu93166_0001